| 000 | 00845nam a22002537a 4500 | ||
|---|---|---|---|
| 999 |
_c5221 _d5221 |
||
| 003 | AR-CdUCM | ||
| 008 | 190312b ||||| |||| 00| 0 spa d | ||
| 020 | _a84-220-0933-1 | ||
| 040 |
_aMUNICIPALIDAD PROVINCIAL DEL CUSCO _cBIBLIOTECA MUNICIPAL DEL CUSCO |
||
| 041 | _hger | ||
| 082 |
_a703 / _bB71 |
||
| 100 |
_aBöing-Häusgen, Ursula _915828 |
||
| 245 |
_aDiccionario Rioduero : _bArte II / |
||
| 260 |
_aMadrid : _bCatólica, _c1979. |
||
| 300 |
_a347 páginas ; _bilustraciones, fotografías, _c19 cm. |
||
| 440 |
_aDiccionarios Monográficos _915829 |
||
| 500 | _aTitulo de la obra original: Herder Lexikon. Kunst. | ||
| 650 |
_aHistoria del Arte _91647 |
||
| 650 |
_aPintores _96624 |
||
| 650 |
_aArtistas gráficos _915830 |
||
| 700 |
_aMurga Fernandez, Purificación (Traductor) _915831 |
||
| 942 |
_2ddc _cLIBROS |
||
| 945 | _araen | ||